| 000 | 00632nam a22002057a 4500 | ||
|---|---|---|---|
| 001 | 3275 | ||
| 003 | FISKH | ||
| 005 | 20240222160545.0 | ||
| 008 | 240222b cb ||||| |||| 00| 0 eng d | ||
| 040 |
_aFISKH _beng _cFISKH _dFISKH |
||
| 050 | _aGV1507.P47 | ||
| 082 | _a793.73 | ||
| 100 |
_aMarzollo, Jean _d1942-2018 |
||
| 245 |
_aI spy a school bus / _cJean Marzollo |
||
| 260 |
_aScholastic : _bJean Marzollo , _c2003 |
||
| 300 |
_a30 unnumbered pages : _bcolor illustrations : _c23 cm |
||
| 520 | _aSimple text challenges the reader to find objects hidden in the photographs. | ||
| 700 | _aJean Marzollo | ||
| 942 |
_2ddc _cBK _n0 |
||
| 999 |
_c3275 _d3275 |
||